[Event "DVM U12 2013"]
[Site "Lichtenfels-Schney GER"]
[Date "2013.12.28"]
[Round "4"]
[White "Niemann, Alexander"]
[Black "Holinka, Henning"]
[Result "0-1"]
[Termination "normal"]
[Board "1.3"]
[WhiteElo "1637"]
[BlackElo "1583"]
[WhiteTeam "SG Aufbau Elbe Magdeburg"]
[BlackTeam "Hamburger SK"]
[WhiteFideId "12939862"]
[BlackFideId "12967084"]
[EventCountry "GER"]
[EventRounds "7"]
[EventType "team-swiss"]
[EventDate "2013.12.26"]

1. e4 e5 2. Nf3 Nc6 3. Bc4 Bc5 4. c3 Nf6 5. d3 a6 6. Bb3 d6 7. O-O h6 8. Nbd2
O-O 9. h3 Ba7 10. Re1 Re8 11. Nf1 d5 12. Qe2 d4 13. Ng3 b5 14. Nh4 Na5 15. Bc2
dxc3 16. bxc3 c5 17. Nhf5 Nc6 18. a4 b4 19. Bb3 bxc3 20. Bxh6 Bxf5 21. Nxf5 Nd4
22. Bxf7+ Kxf7 23. Qa2+ Kg6 24. g4 Nf3+ 25. Kh1 Nxe1 26. h4 Qxd3 27. h5+ Kh7
28. Rxe1 Qh3+ 29. Kg1 Qxg4+ 30. Kf1 Qxh5 31. Re3 gxh6 32. Rf3 c2 33. Qb2 c1=Q+
34. Qxc1 Qh1+ 0-1

[Event "DVM U12 2013"]
[Site "Lichtenfels-Schney GER"]
[Date "2013.12.28"]
[Round "4"]
[White "Fuhrmann, Äke"]
[Black "Cejda, Cecilia"]
[Result "1/2-1/2"]
[Termination "normal"]
[Board "1.4"]
[WhiteElo "1423"]
[BlackElo "1552"]
[WhiteTeam "Hamburger SK"]
[BlackTeam "SG Aufbau Elbe Magdeburg"]
[WhiteFideId "12983853"]
[BlackFideId "12921122"]
[EventCountry "GER"]
[EventRounds "7"]
[EventType "team-swiss"]
[EventDate "2013.12.26"]

1. c4 e5 2. g3 g6 3. Bg2 Bg7 4. e4 d6 5. Nc3 Nc6 6. Nge2 Be6 7. b3 Nf6 8. d3
O-O 9. O-O Qd7 10. Re1 Bh3 11. Bh1 Nh5 12. Bg2 Bxg2 13. Kxg2 f5 14. f3 f4 15.
g4 Nf6 16. Bb2 h5 17. g5 Nh7 18. h4 Ne7 19. b4 c6 20. Qb3 Rfd8 21. a3 Nf8 22.
Na2 Ne6 23. Bc3 a6 24. Qb2 Qc7 25. Qb3 Rd7 {Nicht nachvollziehbar} 1/2-1/2

[Event "DVM U12 2013"]
[Site "Lichtenfels-Schney GER"]
[Date "2013.12.28"]
[Round "4"]
[White "Daoud, Marcel"]
[Black "Nguyen, Anh Van"]
[Result "1-0"]
[Termination "normal"]
[Board "2.1"]
[WhiteElo "1638"]
[BlackElo "1610"]
[WhiteTeam "SK Freising"]
[BlackTeam "USV Potsdam"]
[WhiteFideId "12994774"]
[BlackFideId "12908223"]
[EventCountry "GER"]
[EventRounds "7"]
[EventType "team-swiss"]
[EventDate "2013.12.26"]

1. e4 c6 2. d4 d5 3. exd5 cxd5 4. Bd3 Nf6 5. Bf4 Nc6 6. c3 e6 7. Nf3 Bd6 8.
Bxd6 Qxd6 9. O-O O-O 10. Nbd2 e5 11. dxe5 Nxe5 12. Nxe5 Qxe5 13. Nf3 Qc7 14.
Qb3 Bd7 15. Rfe1 Rfe8 16. h3 Bc6 17. Nd4 Ne4 18. Nxc6 bxc6 19. Bxe4 dxe4 20.
Qc4 e3 21. fxe3 Rab8 22. b3 Qb6 23. Qf4 Rbd8 24. Kh1 h6 25. e4 Rd3 26. c4 Qa5
27. Re2 Qd8 28. Rf1 Qd7 29. Ref2 f6 30. Re1 Re5 31. Ree2 Rd1+ 32. Kh2 Rd4 33.
Rf1 Rd3 34. Rfe1 Qd8 35. Re3 Rxe3 36. Qxe3 Qc7 37. Kh1 Qa5 38. Re2 Kf7 39. Rd2
Ke7 40. Qd4 Qc7 41. c5 Re6 42. Kg1 Re5 43. Kf2 Re6 44. b4 Qf4+ 45. Kg1 Qc7 46.
a3 Qc8 47. a4 a6 48. Kf2 Qc7 49. g3 Ke8 50. Qc4 Qc8 51. Kf3 Ke7 52. Qd3 Qe8 53.
g4 Kf8 54. Rd1 g5 55. Rd2 Kg8 56. Qd8 Rxe4 57. Qxe8+ Rxe8 58. Rd6 Rc8 59. Rxf6
Kg7 60. Rd6 Rf8+ 61. Ke3 Re8+ 62. Kd4 Rc8 63. Ke5 Re8+ 64. Kd4 Rc8 65. Kc4 Rc7
66. b5 cxb5+ 67. axb5 a5 68. Ra6 Rf7 69. Rxa5 1-0

[Event "DVM U12 2013"]
[Site "Lichtenfels-Schney GER"]
[Date "2013.12.28"]
[Round "4"]
[White "Shevelko, Alexander"]
[Black "Wachtel, Arthur"]
[Result "0-1"]
[Termination "normal"]
[Board "2.2"]
[WhiteElo "1556"]
[BlackElo "1434"]
[WhiteTeam "USV Potsdam"]
[BlackTeam "SK Freising"]
[WhiteFideId "12952125"]
[BlackFideId "12988510"]
[EventCountry "GER"]
[EventRounds "7"]
[EventType "team-swiss"]
[EventDate "2013.12.26"]

1. e4 e6 2. d4 d5 3. e5 c5 4. c3 Nc6 5. Ne2 f6 6. exf6 Nxf6 7. Bf4 Be7 8. g3
O-O 9. Bg2 Bd6 10. Bxd6 Qxd6 11. O-O Bd7 12. Nf4 cxd4 13. cxd4 Qb4 14. Ne2 Rf7
15. Qd2 Qb6 16. Nbc3 Raf8 17. h3 Qd8 18. Rae1 Ne8 19. Nf4 Nc7 20. a3 Rf5 21.
Nce2 R8f7 22. Nc1 Qg5 23. Nb3 Nb8 24. Re5 Qd8 25. Nc5 Qc8 26. Rfe1 Nc6 27. R5e3
b6 28. Nxd7 Qxd7 29. R1e2 Nd8 30. h4 Qd6 31. Bh3 Re7 32. Qe1 Rf8 33. Rc2 g6 34.
Qc1 Nb5 35. Qd1 Nc6 36. Ne2 Ref7 37. Qd3 Nc7 38. Nf4 Nd8 39. Rce2 Re7 40. Rc2
Nc6 41. Rce2 Kg7 42. Kh2 Nd8 43. Kg1 Nf7 44. Kh2 Nh6 45. Kg1 Nf5 46. Bxf5 exf5
47. Kf1 Kf7 48. Rxe7+ Qxe7 49. Rxe7+ Kxe7 50. Qf3 {Nicht nachvollziehbar} 0-1

[Event "DVM U12 2013"]
[Site "Lichtenfels-Schney GER"]
[Date "2013.12.28"]
[Round "4"]
[White "Oelmaier, Manuel"]
[Black "Röhr, Tobias"]
[Result "0-1"]
[Termination "normal"]
[Board "2.3"]
[WhiteElo "1114"]
[BlackElo "1552"]
[WhiteTeam "SK Freising"]
[BlackTeam "USV Potsdam"]
[BlackFideId "12963089"]
[EventCountry "GER"]
[EventRounds "7"]
[EventType "team-swiss"]
[EventDate "2013.12.26"]

1. e4 e5 2. Nf3 Nc6 3. Bc4 Bc5 4. Nc3 d6 5. d3 h6 6. h3 Nf6 7. Qe2 O-O 8. O-O
Be6 9. Bxe6 fxe6 10. Be3 Bb6 11. Bxb6 axb6 12. Qe3 Re8 13. d4 exd4 14. Nxd4
Nxd4 15. Qxd4 e5 16. Qc4+ Kh8 17. Rad1 Qe7 18. a3 c6 19. Qb4 Rad8 20. Qxb6 Nh5
21. Rfe1 Nf4 22. Ne2 Rf8 23. Nxf4 Rxf4 24. b3 Rdf8 25. Re2 R8f7 26. a4 Qf6 27.
Rf1 Qg5 28. g3 Rh4 29. Kh2 Rxh3+ 30. Kxh3 Qh5+ 31. Kg2 Qxe2 32. Rh1 Qxe4+ 33.
Kh2 Qxc2 34. Qd8+ Kh7 35. Qe8 Rxf2+ 0-1

[Event "DVM U12 2013"]
[Site "Lichtenfels-Schney GER"]
[Date "2013.12.28"]
[Round "4"]
[White "Hausdorf, Lars"]
[Black "Seidenberger, Florian"]
[Result "1-0"]
[Termination "normal"]
[Board "2.4"]
[WhiteElo "1344"]
[BlackElo "810"]
[WhiteTeam "USV Potsdam"]
[BlackTeam "SK Freising"]
[WhiteFideId "16200390"]
[EventCountry "GER"]
[EventRounds "7"]
[EventType "team-swiss"]
[EventDate "2013.12.26"]

1. Nf3 d5 2. d4 Nc6 3. c4 e6 4. Nc3 Nf6 5. Bg5 Be7 6. e3 h6 7. Bh4 O-O 8. Bd3
b6 9. O-O Bb7 10. a3 Na5 11. cxd5 exd5 12. Re1 Ne4 13. Bxe7 Qxe7 14. Qc2 Rfe8
15. b4 Nc6 16. Nxd5 Qd6 17. Bxe4 Rxe4 18. Qxe4 Rd8 19. Nc3 Na5 20. Qc2 Nc4 21.
Nb5 Qd5 22. Rac1 Ba6 23. Qxc4 Qxc4 24. Rxc4 Bxb5 25. Rxc7 a5 26. bxa5 bxa5 27.
Rec1 Ba6 28. h3 Rb8 29. Ra7 Rb6 30. Rcc7 g5 31. Rxf7 Bc4 32. Rfc7 Bd5 33. Rc8#
1-0

[Event "DVM U12 2013"]
[Site "Lichtenfels-Schney GER"]
[Date "2013.12.28"]
[Round "4"]
[White "Irkilmez, Yakub"]
[Black "Hofmann, Rares"]
[Result "1/2-1/2"]
[Termination "normal"]
[Board "3.1"]
[WhiteElo "1542"]
[BlackElo "1789"]
[WhiteTeam "SK Blauer Springer Paderborn"]
[BlackTeam "TuS Coswig 1920"]
[WhiteFideId "16204581"]
[BlackFideId "12976440"]
[EventCountry "GER"]
[EventRounds "7"]
[EventType "team-swiss"]
[EventDate "2013.12.26"]

1. d4 Nf6 2. Nf3 d5 3. Bf4 Bf5 4. e3 c5 5. c3 e6 6. Bd3 Bg6 7. Qe2 Nc6 8. Nbd2
Bd6 9. Bg3 cxd4 10. exd4 Rc8 11. O-O O-O 12. Rfe1 Bxg3 13. hxg3 Nd7 14. a3 Qf6
15. Bxg6 hxg6 16. Ne5 Ncxe5 17. dxe5 Qe7 18. Nf3 Nc5 19. Nd2 Rfd8 20. Rad1 Rd7
21. Nf3 Qd8 22. Nd4 Ne4 23. Qd3 a6 24. Nb3 Rc4 25. Nd4 Qc7 26. Nf3 Nc5 27. Qc2
Qb6 28. Nd2 Rg4 29. b4 a5 30. bxc5 Qxc5 31. Nb3 Qb6 32. Nd4 Rc7 33. Qe2 Re4 34.
Qb5 Rxe1+ 35. Rxe1 Qxb5 36. Nxb5 Rd7 37. Rb1 b6 38. Kf1 Kf8 39. Ke2 Ke7 40. Kd3
f6 41. exf6+ gxf6 42. Nd4 e5 43. Nb3 Rc7 44. Nd2 f5 45. Re1 Kd6 46. Rd1 e4+ 47.
Kc2 d4 48. Nb1 d3+ 49. Kc1 b5 50. Kb2 Ke5 51. Nd2 Kd5 52. Nb3 a4 53. Nd4 Rc5
54. Ne2 Kc4 55. Nf4 Rc6 56. Nh3 Re6 57. Nf4 Rc6 58. Nh3 Re6 59. Nf4 1/2-1/2

[Event "DVM U12 2013"]
[Site "Lichtenfels-Schney GER"]
[Date "2013.12.28"]
[Round "4"]
[White "Kunath, Tim"]
[Black "Kesselmeier, Kevin"]
[Result "1-0"]
[Termination "normal"]
[Board "3.2"]
[WhiteElo "1552"]
[BlackElo "1372"]
[WhiteTeam "TuS Coswig 1920"]
[BlackTeam "SK Blauer Springer Paderborn"]
[WhiteFideId "12985074"]
[BlackFideId "16217551"]
[EventCountry "GER"]
[EventRounds "7"]
[EventType "team-swiss"]
[EventDate "2013.12.26"]

1. e4 c5 2. Nf3 d6 3. d4 cxd4 4. Nxd4 Nf6 5. Nc3 a6 6. Bg5 Nbd7 7. f4 Qc7 8.
Qf3 h6 9. Bh4 g5 10. fxg5 hxg5 11. Bg3 Nb6 12. Nf5 Bxf5 13. Qxf5 Bg7 14. O-O-O
Nh5 15. Rd3 Rc8 16. Be1 Be5 17. g3 Bg7 18. Be2 Nf6 19. Bd2 Bh6 20. Be3 Nc4 21.
Bd4 g4+ 22. Kb1 Nd2+ 23. Ka1 Rb8 24. Bxf6 exf6 25. Qxf6 Rh7 26. Rxd6 Nc4 27.
Bxc4 Qxc4 28. Rhd1 Qc8 29. Nd5 Kf8 30. Qe7+ Kg7 31. Rd7 Qe8 32. Qf6+ Kf8 33.
Nc7 Qc8 34. Ne6+ Kg8 35. Rd8+ Qxd8 36. Rxd8+ 1-0

[Event "DVM U12 2013"]
[Site "Lichtenfels-Schney GER"]
[Date "2013.12.28"]
[Round "4"]
[White "Wanke, Mathis"]
[Black "Lehne, Arwin Hugo"]
[Result "1/2-1/2"]
[Termination "normal"]
[Board "3.3"]
[WhiteElo "1326"]
[BlackElo "1336"]
[WhiteTeam "SK Blauer Springer Paderborn"]
[BlackTeam "TuS Coswig 1920"]
[WhiteFideId "16217578"]
[BlackFideId "12985090"]
[EventCountry "GER"]
[EventRounds "7"]
[EventType "team-swiss"]
[EventDate "2013.12.26"]

1. d4 d5 2. Bf4 Nf6 3. Nf3 e6 4. e3 c5 5. c3 Nc6 6. Bd3 Bd6 7. Bg3 O-O 8. Nbd2
b6 9. O-O Bb7 10. Qe2 Qc7 11. e4 Bxg3 12. hxg3 dxe4 13. Nxe4 Nxe4 14. Bxe4 cxd4
15. Bxc6 Qxc6 16. cxd4 Qe4 17. Rfe1 Qxe2 18. Rxe2 Bxf3 19. gxf3 Rfd8 20. Rd2
Rd5 21. f4 Rad8 22. Rc1 f6 23. Rcd1 Kf7 24. Kg2 e5 25. fxe5 fxe5 26. Kf3 Rxd4
27. Rxd4 Rxd4 28. Rxd4 exd4 29. Ke4 Ke6 30. Kxd4 Kd6 31. f3 h5 1/2-1/2

[Event "DVM U12 2013"]
[Site "Lichtenfels-Schney GER"]
[Date "2013.12.28"]
[Round "4"]
[White "von Koslowski, Wilhelm"]
[Black "Müller, Noah"]
[Result "1/2-1/2"]
[Termination "normal"]
[Board "3.4"]
[WhiteElo "1280"]
[BlackElo "1157"]
[WhiteTeam "TuS Coswig 1920"]
[BlackTeam "SK Blauer Springer Paderborn"]
[WhiteFideId "12985147"]
[BlackFideId "16217586"]
[EventCountry "GER"]
[EventRounds "7"]
[EventType "team-swiss"]
[EventDate "2013.12.26"]

1. e4 d5 2. exd5 Qxd5 3. Nc3 Qa5 4. d4 Nf6 5. Bc4 c6 6. Nf3 e6 7. O-O Be7 8.
Bd2 Qd8 9. Bf4 O-O 10. Qd3 Nbd7 11. Rfe1 h6 12. Rad1 a6 13. Qe3 Nb6 14. Bd3
Nbd5 15. Nxd5 Nxd5 16. Qe4 Nf6 17. Qe2 Bd6 18. Bxd6 Qxd6 19. Ne5 Nd7 20. Rd2
Qe7 21. Nxd7 Bxd7 22. Qe4 g6 23. Re3 Qg5 24. Rde2 Qd5 25. Qf4 Kg7 26. Re5 Qd6
27. Qg4 f5 28. Qh4 Rae8 29. h3 Qe7 30. Qxe7+ Rxe7 31. Ra5 Ree8 32. Ree5 Ra8 33.
a3 b6 34. Rxa6 {Nicht nachvollziehbar} 1/2-1/2

[Event "DVM U12 2013"]
[Site "Lichtenfels-Schney GER"]
[Date "2013.12.28"]
[Round "4"]
[White "Browning, Alex"]
[Black "Petersen, Marcel"]
[Result "1-0"]
[Termination "normal"]
[Board "4.2"]
[WhiteElo "1517"]
[BlackElo "1581"]
[WhiteTeam "Märkischer Springer Halver-Schalksmühle"]
[BlackTeam "Treptower SV 1949"]
[WhiteFideId "12984019"]
[BlackFideId "12935670"]
[EventCountry "GER"]
[EventRounds "7"]
[EventType "team-swiss"]
[EventDate "2013.12.26"]

1. e4 c5 2. Nf3 Nc6 3. c3 d6 4. h3 Nf6 5. d3 g6 6. Be2 Bg7 7. O-O O-O 8. Be3
Bd7 9. Nbd2 a6 10. Re1 b5 11. Nf1 b4 12. Ng3 Ne8 13. d4 bxc3 14. bxc3 cxd4 15.
cxd4 Qa5 16. Rb1 Qd8 17. Qd2 a5 18. a3 e6 19. Red1 d5 20. e5 f6 21. Bh6 fxe5
22. Bxg7 Nxg7 23. dxe5 Nf5 24. Nxf5 Rxf5 25. Bd3 Rf8 26. Bc2 Qe7 27. Qd3 Rab8
28. h4 Qg7 29. Re1 Rxb1 30. Bxb1 Ne7 31. Kh2 Qh6 32. Rh1 Qf4+ 33. Kh3 Qf5+ 34.
Qxf5 Nxf5 35. g4 Ne7 36. Kg3 Nc6 37. Bd3 Rb8 38. Rb1 Rxb1 39. Bxb1 a4 40. Bd3
Na5 41. Nd4 Kf7 42. Kf3 Nc6 43. Nxc6 Bxc6 44. Ke3 h6 45. g5 hxg5 46. hxg5 Be8
47. Kd4 Ke7 48. Kc5 Kd8 49. Kd6 Bf7 50. f3 Ke8 51. Bb5+ Kd8 52. Bxa4 Be8 53.
Bxe8 Kxe8 54. Kc5 Kd7 55. f4 Kc7 56. a4 Kb7 57. f5 1-0

[Event "DVM U12 2013"]
[Site "Lichtenfels-Schney GER"]
[Date "2013.12.28"]
[Round "4"]
[White "Hüls, Maximilian"]
[Black "Hardt, Silas"]
[Result "1-0"]
[Termination "normal"]
[Board "4.3"]
[WhiteElo "1609"]
[BlackElo "1305"]
[WhiteTeam "Treptower SV 1949"]
[BlackTeam "Märkischer Springer Halver-Schalksmühle"]
[WhiteFideId "12949698"]
[BlackFideId "16200667"]
[EventCountry "GER"]
[EventRounds "7"]
[EventType "team-swiss"]
[EventDate "2013.12.26"]

1. e4 c5 2. c3 Nf6 3. e5 Nd5 4. d4 cxd4 5. cxd4 Nc6 6. Nc3 Nb6 7. Nf3 d5 8. Be3
Bf5 9. Bd3 Bxd3 10. Qxd3 e6 11. O-O Be7 12. Rac1 O-O 13. b3 Rc8 14. Nd2 Nd7 15.
f4 f5 16. Nf3 h6 17. Ne2 Nb4 18. Qb1 Qa5 19. Bd2 Qxa2 20. Qxa2 Nxa2 21. Ra1 Nb4
22. Rxa7 Rb8 23. Rc1 Nc6 24. Rxc6 bxc6 25. Rxd7 Bd8 26. Rd6 Be7 27. Rxe6 Kf7
28. Rxc6 Rxb3 29. Ng3 g6 30. Ne2 Rb1+ 31. Kf2 Ra8 32. Nc3 Rb2 33. Nxd5 Re8 34.
Ne3 Bb4 35. e6+ Kf6 36. Nd5+ Kg7 37. Nxb4 Rb8 38. Nd5 R2b5 39. Rc7+ Kh8 40. Nf6
R5b7 41. Rxb7 Rxb7 42. d5 Kg7 43. Nd7 Ra7 44. Bc3+ Kh7 45. e7 Ra8 46. d6 Kg8
47. e8=Q+ Rxe8 48. Nf6+ 1-0

[Event "DVM U12 2013"]
[Site "Lichtenfels-Schney GER"]
[Date "2013.12.28"]
[Round "4"]
[White "Browning, Rebecca"]
[Black "Stockter, Jasper Enno"]
[Result "0-1"]
[Termination "normal"]
[Board "4.4"]
[WhiteElo "1090"]
[BlackElo "1337"]
[WhiteTeam "Märkischer Springer Halver-Schalksmühle"]
[BlackTeam "Treptower SV 1949"]
[WhiteFideId "12984027"]
[BlackFideId "12957291"]
[EventCountry "GER"]
[EventRounds "7"]
[EventType "team-swiss"]
[EventDate "2013.12.26"]

1. d4 Nf6 2. Nf3 e6 3. Bf4 Nd5 4. Bg3 Nc6 5. e3 Be7 6. Bd3 a6 7. c3 b5 8. Nbd2
Bb7 9. O-O d6 10. Qc2 Qd7 11. Bxh7 g6 12. Bxg6 fxg6 13. Qxg6+ Kd8 14. Ng5 Bxg5
15. Qxg5+ Qe7 16. Qg4 Kd7 17. Rfd1 Rag8 18. Qe2 Qh7 19. h3 Nde7 20. e4 d5 21.
e5 Nf5 22. Bh2 Rg6 23. Qd3 Qg8 24. Qf1 Rxh3 25. g3 Rgh6 26. Nf3 Nh4 27. Nxh4
R3xh4 28. Qd3 Rxh2 29. Kf1 Qg4 30. Ke1 Qe4+ 31. Qxe4 dxe4 32. Ke2 Ne7 33. Ke3
Nf5+ 34. Ke2 Nxg3+ 0-1

[Event "DVM U12 2013"]
[Site "Lichtenfels-Schney GER"]
[Date "2013.12.28"]
[Round "4"]
[White "Dathe, Frederick"]
[Black "Garbuz, Vitaliy"]
[Result "0-1"]
[Termination "normal"]
[Board "5.1"]
[WhiteElo "1521"]
[BlackElo "1555"]
[WhiteTeam "Schachunion Berlin"]
[BlackTeam "SF Dortmund-Brackel 1930"]
[WhiteFideId "12963070"]
[BlackFideId "12990710"]
[EventCountry "GER"]
[EventRounds "7"]
[EventType "team-swiss"]
[EventDate "2013.12.26"]

1. d4 Nf6 2. c4 c5 3. d5 b5 4. e3 bxc4 5. Bxc4 g6 6. Nc3 Bg7 7. Nf3 O-O 8. O-O
d6 9. Re1 Ba6 10. Qd3 Bxc4 11. Qxc4 Nfd7 12. e4 Ne5 13. Nxe5 Bxe5 14. Bh6 Bg7
15. Bxg7 Kxg7 16. f4 Nd7 17. e5 Nb6 18. Qd3 Rc8 19. Rac1 dxe5 20. fxe5 e6 21.
d6 Nd7 22. Nb5 Qb6 23. Qe2 c4+ 24. Qe3 Qxb5 25. Qe2 Rc5 26. b3 cxb3 27. Qxb5
Rxb5 28. axb3 Rxb3 29. Rc7 Rd8 30. Rxa7 Rb5 31. Rc1 Nxe5 32. Ra6 Rd5 33. Re1
Nd3 34. Rd1 R5xd6 35. Rxd6 Rxd6 36. g3 Rd7 37. Kf1 Nc5 38. Rc1 Ne4 39. g4 Kf6
40. h3 Kg5 41. Kg2 Rd3 42. Rc4 f5 43. gxf5 exf5 44. Ra4 Kh4 45. Ra7 h5 46. Rg7
g5 47. Rf7 Rg3+ 48. Kf1 Rxh3 49. Rxf5 Ng3+ 50. Kg2 Nxf5 51. Kg1 Ra3 52. Kg2 Nd4
0-1

[Event "DVM U12 2013"]
[Site "Lichtenfels-Schney GER"]
[Date "2013.12.28"]
[Round "4"]
[White "Kartsev, Nikolaj"]
[Black "Hommel, Niclas"]
[Result "1-0"]
[Termination "normal"]
[Board "5.2"]
[WhiteElo "1581"]
[BlackElo "1572"]
[WhiteTeam "SF Dortmund-Brackel 1930"]
[BlackTeam "Schachunion Berlin"]
[WhiteFideId "12939536"]
[BlackFideId "12974927"]
[EventCountry "GER"]
[EventRounds "7"]
[EventType "team-swiss"]
[EventDate "2013.12.26"]

1. e4 c5 2. Nf3 a6 3. d4 cxd4 4. Nxd4 e5 5. Nf3 Nf6 6. Nxe5 Qa5+ 7. Nc3 Qxe5 8.
f4 Qc7 9. e5 Ng8 10. Bd3 Ne7 11. Be3 Nbc6 12. Be4 Ng6 13. Nd5 Qa5+ 14. c3 Bc5
15. Bxc5 Qxc5 16. Nc7+ Kd8 17. Nxa8 Qa7 18. Bxg6 hxg6 19. Qd5 Qxa8 20. Qxf7 Qa7
21. O-O-O Qe3+ 22. Kb1 Qe4+ 23. Ka1 Qc2 24. Qxg7 Rxh2 25. e6 Kc7 26. exd7 Rxh1
27. d8=Q+ Kb8 28. Qgc7+ Ka7 29. Qb6+ Kb8 30. Qdc7+ Ka8 31. Qxc8+ Nb8 32. Qbxb7#
1-0

[Event "DVM U12 2013"]
[Site "Lichtenfels-Schney GER"]
[Date "2013.12.28"]
[Round "4"]
[White "Lange, Johannes Friedrich"]
[Black "Salem Elier, Ali"]
[Result "0-1"]
[Termination "normal"]
[Board "5.3"]
[WhiteElo "1166"]
[BlackElo "1206"]
[WhiteTeam "Schachunion Berlin"]
[BlackTeam "SF Dortmund-Brackel 1930"]
[WhiteFideId "12975290"]
[BlackFideId "16217543"]
[EventCountry "GER"]
[EventRounds "7"]
[EventType "team-swiss"]
[EventDate "2013.12.26"]

1. d4 Nf6 2. c4 g6 3. Nc3 Bg7 4. Nf3 O-O 5. e4 d6 6. Bd3 e5 7. d5 c6 8. Be3 Ne8
9. Qd2 f5 10. exf5 Bxf5 11. Bxf5 Rxf5 12. Ng5 Nc7 13. O-O cxd5 14. Nxd5 Bh6 15.
Ne6 Bxe3 16. Nxe3 Nxe6 17. Nxf5 gxf5 18. Qh6 Qe7 19. Rad1 Nc6 20. Rd2 Rf8 21.
Rfd1 Rf6 22. Qh4 Ncd4 23. Rc1 Nf3+ 24. gxf3 Rg6+ 25. Qg3 Rxg3+ 26. fxg3 Nd4 27.
Kg2 Qg7 28. Kf2 Qh6 29. Rcd1 Qxh2+ 30. Ke3 Qxg3 31. Rf1 Qf4+ 32. Kd3 Kf7 33.
Kc3 a5 34. Rff2 Qe3+ 35. Rd3 Qc1+ 36. Rc2 Qxc2# 0-1

[Event "DVM U12 2013"]
[Site "Lichtenfels-Schney GER"]
[Date "2013.12.28"]
[Round "4"]
[White "Riede, Niklas"]
[Black "Sauer, Jakob"]
[Result "0-1"]
[Termination "normal"]
[Board "5.4"]
[WhiteElo "1081"]
[BlackElo "1357"]
[WhiteTeam "SF Dortmund-Brackel 1930"]
[BlackTeam "Schachunion Berlin"]
[BlackFideId "16211707"]
[EventCountry "GER"]
[EventRounds "7"]
[EventType "team-swiss"]
[EventDate "2013.12.26"]

1. e4 c5 2. c3 a6 3. Nf3 d6 4. Be2 g6 5. h3 Bg7 6. O-O Nf6 7. Re1 O-O 8. d3 b5
9. a3 Bb7 10. Bg5 Nbd7 11. Qc1 Re8 12. Nbd2 Rc8 13. Qc2 Qb6 14. d4 cxd4 15. Qd3
dxc3 16. bxc3 Qc6 17. Nh2 Qxc3 18. Qxc3 Rxc3 19. Bxf6 Nxf6 20. Ndf3 Bxe4 21. a4
Bd3 22. Bd1 Rec8 23. axb5 Bxb5 24. Rxe7 Nd5 25. Re1 Nf4 26. Rb1 Rc1 27. Rxc1
Rxc1 28. g3 Ne2+ 29. Bxe2 Rxe1+ 30. Nxe1 Bxe2 31. Nc2 a5 32. f3 a4 33. Kf2 Bd1
34. Na3 Kf8 35. Ke1 Bb3 36. Nf1 Ke7 37. Nd2 Ke6 38. Nxb3 axb3 39. Ke2 b2 40.
Ke3 Kd5 41. Kd3 Kc5 42. Kc2 Kb4 43. Nb1 d5 44. h4 h5 45. Nd2 Bc3 46. Nf1 d4 47.
Kb1 d3 48. g4 Ka3 49. gxh5 gxh5 50. f4 f5 51. Nd2 Ba5 52. Nb3 d2 53. Nxd2 Bxd2
54. Kc2 Ka2 55. Kxd2 b1=Q 56. Ke3 Qe4+ 57. Kf2 Qd3 58. Ke1 Qc2 0-1

[Event "DVM U12 2013"]
[Site "Lichtenfels-Schney GER"]
[Date "2013.12.28"]
[Round "4"]
[White "Weimert, Miriam"]
[Black "Wiesner, Alexander"]
[Result "0-1"]
[Termination "normal"]
[Board "6.1"]
[WhiteElo "1390"]
[BlackElo "1728"]
[WhiteTeam "SG Turm Leipzig"]
[BlackTeam "Karlsruher SF 1853"]
[WhiteFideId "12966703"]
[BlackFideId "12943991"]
[EventCountry "GER"]
[EventRounds "7"]
[EventType "team-swiss"]
[EventDate "2013.12.26"]

1. e4 e6 2. d4 d5 3. exd5 exd5 4. Bd3 c5 5. c3 Nc6 6. Nf3 Nf6 7. O-O Be7 8. Re1
O-O 9. Bf4 Bg4 10. Nbd2 cxd4 11. cxd4 Nxd4 12. Rc1 Nc6 13. Nf1 Bb4 14. Bd2 Bxd2
15. Qxd2 Bxf3 16. gxf3 Qd7 17. Ng3 Rfe8 18. Kh1 Ne5 19. Re3 d4 20. Re2 Nxf3 21.
Rxe8+ Rxe8 22. Qf4 Ne5 23. Bf5 Qd5+ 24. Be4 Nxe4 25. Qxe4 Qxe4+ 26. Nxe4 Nc6
27. f3 Re7 28. b4 g6 29. b5 Ne5 30. Kg2 Kg7 31. Rd1 Rd7 32. f4 Ng4 33. Kg3 Ne3
34. Rd3 Nf5+ 35. Kh3 Re7 36. Nf2 Re2 37. Ng4 Rxa2 38. Rb3 Rc2 39. Ne5 Rc3+ 40.
Rxc3 dxc3 41. Nd3 c2 42. Nc1 Nd4 43. Kg2 Nxb5 44. Kf2 Kf6 45. Ke1 Kf5 46. Nd3
Ke4 47. Kd2 b6 0-1

[Event "DVM U12 2013"]
[Site "Lichtenfels-Schney GER"]
[Date "2013.12.28"]
[Round "4"]
[White "Koll, Lukas"]
[Black "Lieberwirth, Kasimir"]
[Result "0-1"]
[Termination "normal"]
[Board "6.2"]
[WhiteElo "1602"]
[BlackElo "1457"]
[WhiteTeam "Karlsruher SF 1853"]
[BlackTeam "SG Turm Leipzig"]
[WhiteFideId "12969737"]
[BlackFideId "12988146"]
[EventCountry "GER"]
[EventRounds "7"]
[EventType "team-swiss"]
[EventDate "2013.12.26"]

1. d4 Nf6 2. c4 c5 3. d5 b5 4. cxb5 a6 5. bxa6 g6 6. Nc3 Bg7 7. e4 Bxa6 8. Bxa6
Nxa6 9. Nge2 d6 10. Be3 Nd7 11. Qc1 Nb4 12. O-O O-O 13. a3 Nd3 14. Qc2 N3e5 15.
b3 Nb6 16. Bd2 c4 17. b4 Ra6 18. Ra2 Nd3 19. Nc1 Nxc1 20. Rxc1 Qa8 21. Nb5 Rc8
22. Bc3 Bh6 23. Rca1 Na4 24. Nd4 Nxc3 25. Qxc3 Bg7 26. Rd1 Qa7 27. Qe3 c3 28.
Nc2 Qxe3 29. Nxe3 Rca8 30. Nc2 Kf8 31. Kf1 Ke8 32. Rda1 Kd7 33. a4 e6 34. Ke2
f5 35. f3 fxe4 36. fxe4 exd5 37. exd5 Re8+ 38. Kd3 Re5 39. Kc4 Kc7 40. Rf1 Re7
41. Nd4 Ra8 42. Ne6+ Kb6 43. Nxg7 Rxg7 44. Kxc3 Rc8+ 45. Kd4 Rgc7 46. Rb2 Rc3
0-1

[Event "DVM U12 2013"]
[Site "Lichtenfels-Schney GER"]
[Date "2013.12.28"]
[Round "4"]
[White "Hummel, Jeremias"]
[Black "Koll, Linus"]
[Result "1-0"]
[Termination "normal"]
[Board "6.3"]
[WhiteElo "1237"]
[BlackElo "1210"]
[WhiteTeam "SG Turm Leipzig"]
[BlackTeam "Karlsruher SF 1853"]
[BlackFideId "12990299"]
[EventCountry "GER"]
[EventRounds "7"]
[EventType "team-swiss"]
[EventDate "2013.12.26"]

1. e4 e5 2. d4 exd4 3. Nf3 Bc5 4. Bc4 Ne7 5. Nxd4 Nbc6 6. Qh5 d5 7. Nxc6 bxc6
8. Bb3 Ba6 9. Nc3 Bb7 10. Bg5 Bb4 11. O-O Bxc3 12. bxc3 O-O 13. Bxe7 Qxe7 14.
exd5 cxd5 15. Bxd5 Bxd5 16. Qxd5 h6 17. h3 Rfd8 18. Qc6 Rac8 19. Qa6 c5 20.
Rab1 Rb8 21. Rb3 Qc7 22. Rfb1 Kh7 23. Rxb8 Rxb8 24. Rxb8 Qxb8 25. Qa5 Qb6 26.
Qxb6 axb6 27. f4 Kg6 28. g4 f5 29. c4 Kf6 30. Kf2 g6 31. Kf3 fxg4+ 32. hxg4 h5
33. a3 Kg7 34. f5 gxf5 35. gxh5 Kh6 36. Kf4 Kxh5 37. Kxf5 Kh4 38. Ke5 Kg4 39.
Kd6 Kf4 40. Kc6 Ke4 41. c3 Kd3 42. Kxb6 Kxc4 43. a4 Kb3 44. Kxc5 Kxa4 45. c4
Ka5 46. Kc6 Ka6 47. Kc7 1-0